000 00230nam a2200097Ia 4500
008 190216s9999||||xx |||||||||||||| ||und||
100 _aAnand R L
245 0 _aFlying Field Manuel
260 _bNational Books Of Sports
942 _cBK
999 _c32595
_d32595